000 01444nam a2200373 c 4500
003 BLK
005 20250623151716.0
008 180411b bul|||||r ||||||| ||bul||
010 _aKNG00203907000
020 _a978-619-157-191-8
_bиздат.: Ибис
040 _aBLK
041 _aBUL
_cBUL
072 7 _2bullib
_aН83
_xЧужда художествена литература Н
080 _aАмериканска литература (на САЩ)
_b821.111(73)
_x-31
_z821.111(73)-31
100 1 _aДжеймс, Джули
_eпърви автор
_9324350
700 1 _aПаунова, Вера
_eпрев.
_9371372
139 _aДжеймс, Джули
_bД 50
245 1 0 _aНещо повече от любов...
_bРоман
_cДжули Джеймс; прев. Вера Паунова.
257 _aUSA
260 София
_bИбис
_c2017
_fСофия : Симолини
300 _a288 с.
_c21 см
380 _aX
490 1 _aКолекция Избрани съвременни любовни романи
500 _aОриг. загл. Love Irresistibly / Julie James.
653 _aромантична проза
653 _aромани
659 _aН
852 _aЦб 284853
856 4 _qpdf
_u
856 4 _qpdf
_u
942 _cKNG
_n0
_0105
944 _aCR
_c27.03.2017
_lЦветелина Шанова
_k30531
944 _aED
_c10.10.2017
_lф /
_kПенка_Димитрова
999 _c194675
_d194675